| 000 | 01172nam a2200301Ia 4500 | ||
|---|---|---|---|
| 003 | OSt | ||
| 005 | 20221005110551.0 | ||
| 006 | a|||||r|||| 00| 0 | ||
| 007 | ta | ||
| 008 | 221004b |||||||| |||| 00| 0 hin d | ||
| 020 |
_a9789326355063 (hbk) _cINR 450.00 |
||
| 024 | _a36995 | ||
| 037 |
_bBW/1692, 15/03/2018, Bookwell _cTextual |
||
| 040 |
_aCRL _cCRL _bhin |
||
| 041 |
_2hin _ahin |
||
| 082 | _aO152,1:g, Q7 | ||
| 100 | _aकुकरेती, हेमंत, ले. | ||
| 245 | 0 | _aकवि परम्परा की पड़ताल | |
| 246 | _aKavi paramparā kī paड़tāla | ||
| 260 |
_aनई दिल्ली _bभारतीय ज्ञानपीठ भारत _c2017 |
||
| 300 |
_a255पृ0 _ccm. |
||
| 490 | _aलोकोदय ग्रन्थमाला; ग्रन्थांक 1300 | ||
| 650 | _a हिन्दी आलोचना | ||
| 650 | _a हिन्दी साहित्य | ||
| 650 | _aहिन्दी कविता | ||
| 942 |
_hO152,1:g, Q7 _cTEXL _2cc |
||
| 999 |
_c1019226 _d1019226 |
||